000 00894nam a22002297a 4500
999 _c42311
_d42311
005 20251125232942.0
008 s2547 th tha d
020 _a9743232796
040 _aNALT
041 _atha
050 _aJQ1745.A5
_bน612อ
100 0 _aนิธิ เอียวศรีวงศ์
245 1 0 _aอ่านวัฒนธรรมการเมืองไทย
260 3 _aกรุงเทพฯ :
_bมติชน,
_c2547
300 _a215 หน้า ;
_b21 ซม.
650 0 4 _aวัฒนธรรมทางการเมือง -- ไทย
650 0 4 _aไทย -- การเมืองและการปกครอง -- บทความ
850 _aNALT
856 4 0 _uhttps://hdl.handle.net/20.500.14156/336020
_71
942 _cGB
_2lcc
_01
998 _j8
_k นายบัณฑิต อุทาวงค์